| Tag |
First Indicator |
Second Indicator |
Subfields |
| LEADER |
00000cam a22000001 4500 |
| 001 |
in00000294321 |
| 005 |
20151010083203.0 |
| 008 |
711013s1967 ilua 10000 eng d |
| 010 |
|
|
|a 66015208
|
| 035 |
|
|
|a (OCoLC)00550678
|
| 035 |
|
|
|9 ABF9904AM
|
| 040 |
|
|
|a DLC
|c DLC
|d MCL
|d TXA
|d UtOrBLW
|
| 049 |
|
|
|a TXAM
|c [711603]
|
| 050 |
|
0 |
|a QH431
|b .G396
|
| 082 |
0 |
|
|a 155
|
| 245 |
0 |
0 |
|a Genetic diversity and human behavior /
|c Edited by J. N. Spuhler.
|
| 264 |
|
1 |
|a Chicago :
|b Aldine Pub. Co.,
|c [1967]
|
| 300 |
|
|
|a x, 291 pages :
|b illustrations ;
|c 26 cm.
|
| 336 |
|
|
|a text
|b txt
|2 rdacontent
|
| 337 |
|
|
|a unmediated
|b n
|2 rdamedia
|
| 338 |
|
|
|a volume
|b nc
|2 rdacarrier
|
| 490 |
1 |
|
|a Viking Fund publications in anthropology ;
|v no. 45
|
| 500 |
|
|
|a Papers presented at a symposium sponsored by the Wenner-Gren Foundation for Anthropological Research, and held at Burg Wartenstein, Austria, Sept. 16-28, 1964.
|
| 650 |
|
0 |
|a Behavior genetics
|x Congresses.
|
| 650 |
|
0 |
|a Human behavior
|v Congresses.
|
| 650 |
|
0 |
|a Human genetics
|v Congresses.
|
| 650 |
|
2 |
|a Behavior
|x Congresses.
|
| 650 |
|
2 |
|a Genetics, Behavioral
|x congresses.
|
| 700 |
1 |
|
|a Spuhler, J. N.
|q (James N.)
|
| 710 |
2 |
|
|a Wenner-Gren Foundation for Anthropological Research.
|
| 830 |
|
0 |
|a Viking Fund publications in anthropology ;
|v no. 45.
|
| 999 |
|
|
|a MARS
|
| 999 |
f |
f |
|s 08e6037b-4546-36ac-b871-b88155df4c06
|i 633ff9ea-44d3-389e-93f6-a6922593aae3
|t 0
|
| 952 |
f |
f |
|p ric
|a Texas A&M University
|b Rellis Campus
|c Joint Library Facility
|d Remote Storage
|t 0
|e QH431 .G396
|h Library of Congress classification
|i unmediated -- volume
|m A14804849330
|
| 998 |
f |
f |
|a QH431 .G396
|t 0
|l Remote Storage
|